000 01087nmc a2200373 a 4500
003 AR-BaBNM
005 20251128210743.0
008 031020s2000 ||||||||||||||000 | spa||
020 _a950-12-4509-8
040 _cAR-BaBNM
245 1 0 _aTutelados y asistidos
_bprogramas sociales, políticas públicas y subjetividad
250 _a1ª ed.
260 _aBuenos Aires
_bPaidós
_c2000
300 _a249 p.
490 0 _aTramas sociales
_vv. 9
504 _aContiene referencias bibliográficas al final de cada capítulo
610 1 4 _aPLAN SOCIAL EDUCATIVO
650 4 _aPOLITICA EDUCATIVA
650 4 _aPOLITICA SOCIAL
650 4 _aSUBJETIVIDAD
650 4 _aPROGRAMAS DE EDUCACION COMPENSATORIA
650 4 _aEDUCACION DE ADULTOS
650 4 _aINFANCIA
650 4 _aANCIANOS
700 1 _aDuschatzky, Silvia
_ecompilador
700 1 _aCardarelli, Graciela
700 1 _aCosta, Mara
700 1 _aGagliano, Rafael
700 1 _aRedondo, Patricia
700 1 _aRosenfeld, Mónica
800 1 _aGojman, Irene
_edirector
942 _cBK
998 _cRAQUEL
999 _c16751
_d16751